000 01607cam a22002294a 4500
005 20250605163948.0
008 250528s ||||||||||||||||||||||||d
035 _a15280
020 _a412374706
040 _aGR-AtMCL
_bgre
_dGR-AtMCL
_eAACR2
245 1 _aManagement of Company Finance / Fifth Edition
250 _a5th
260 _bChapman & Hall,
_c1990
300 _a762
520 _aThere is a greater emphasis on the underlying theories of finance, and expanded coverage of options, international finance issues, company reorganizations including share repurchase, and UK institutional finance. The Financial Environment, Flow of Funds and Taxation, Finance and Accounting, Investment Appraisal: Basic Methods, Investment Appraisal: further topics, Capital Rationing and Risk Analysis in Imperfect Markets, Corporate Strategy and high Technology Investments, Introduction to Risk and Return, Portfolio Theory and Capital Asset Pricing Model, Capital Budgeting and the Capital Asset Pricing Model, Option Theory, Stock Market Efficiency, Equity Share Capital, Long-Term Debt Finance, Share Price Valuation and the Cost of Capital, Dividend Policy, Capital Structure Policy, Financial Planning, Short-and Medium-Term Sources of Finance, Management of Cash, Management of Debtors, Management of Inventory, Mergers and Acquisitions, Company Restructuring, International Financial Management, Small Business Finance, Tables, Index.
700 1 _aSamuels John Malcolm
_91132
700 1 _aWilkes F.M
_91133
942 _cBK
710 2 _aBrayshaw R.E
_99718
999 _c871
_d871